000 00501nam a2200169Ia 4500
003 IN-BaIIA
008 211028s9999 xx 000 0 eng d
040 _cIIA Library
080 _a51(091)
_bSMI-2
100 _aSmith, David Eugene
_93650
245 2 _aA souce book in mathematics
_bvol. 2
_cDavid Eugene Smith
260 _aNew York
_bDover Publications
_c1929
300 _axiii, 710p.
650 _aMathematics
_982
650 _aNASA Thesaurus
942 _cBK
999 _c1916
_d1916